000 01225cam a2200373 4500
001 6721
003 BD-RjUL
005 20211208234311.0
008 140112s1969 mau b 001 0 eng
020 _a0201003619
020 _a9780201003611
020 _a0201407515
020 _a9780201407518
035 _a(BD-RjUL)6762
040 _aDLC
_cDLC
_dFNU
_dUKM
_dOCLCQ
_dBAKER
_dNLGGC
_dLVB
_dOCLCQ
_dOCLCG
_dYDXCP
_dOCLCG
_dLGG
_dHEBIS
_dDEBBG
_dMYG
_dBD-RjUL
_beng
041 _aeng
082 0 0 _a512.89
_218
_bATI 1969
084 _a31.23
_2bcl
084 _aSK 230
_2rvk
100 1 _aAtiyah, Michael Francis,
_d1929-
_921133
245 1 0 _aIntroduction to commutative algebra /
_cM.F. Atiyah [and] I.G. Macdonald.
260 _aReading, Mass. :
_bAddison-Wesley Pub. Co. ,
_cc1969
300 _aviii, 128 p. ;
_c24 cm.
490 1 _aAddison-Wesley series in mathematics
504 _aBibliography: p. viii. and index.
650 0 _aCommutative algebra.
_920437
650 0 _aRings (Algebra)
_921134
650 0 _aCommutative rings.
_921135
700 1 _aMacdonald, I. G.
_q(Ian Grant)
_921136
830 0 _aAddison-Wesley series in mathematics.
_923405
942 _2ddc
_cBK
999 _c6721
_d6721